000 00775nas a2200289 4500
001 BR0809862
003 BR-BrBNA
005 20231205112757.0
007 ta
008 230509b bl.|||p| |||| 00| 00por d
040 _aBR-BrBNA
_bpor
_cBiblioteca Nacional de Agricultura
041 _a(Pt)
072 _aL74
100 1 _aPulz, R.S.
100 1 _aSilva, C.
100 1 _aScott, L.A.
100 1 _aSimões, C.
100 1 _aSantini, H.
100 1 _aFacin, F.
245 1 _aUrolitíase em equino
_b5100
650 _aEQUINO
650 _aCÁLCULO URINÁRIO
650 _aBEXIGA
773 0 _tVeterinária em Foco (Brazil)
_xISSN 1679-5237
_g(Jan-Jun 2008), v. 5(2) p. 137-142
_wBR0809862
909 _a202311
_bLúcia
_c55
_dLúcia Elande
942 _2AGRIS
_n0
_cANA
999 _c199921
_d199921